Central Library OPAC University of Rajshahi

Zoologiy / (Record no. 74634)

MARC details
000 -LEADER
fixed length control field 00785nam a2200265 a 4500
001 - CONTROL NUMBER
control field 74634
003 - CONTROL NUMBER IDENTIFIER
rucl marc code BD-RjUL
005 - DATE AND TIME OF LATEST TRANSACTION
control field 20211209082600.0
008 - FIXED-LENGTH DATA ELEMENTS--GENERAL INFORMATION
fixed length control field 181108b ||||| |||| 00| 0 eng d
020 ## - INTERNATIONAL STANDARD BOOK NUMBER
International Standard Book Number 9789682502125
Terms of availability Tk..81.00
International Standard Book Number 9682502128
Terms of availability Tk..81.00
035 ## - SYSTEM CONTROL NUMBER
System control number (BD-RjUL)
040 ## - CATALOGING SOURCE
Original cataloging agency BD-RjUL
Language of cataloging eng
Transcribing agency BD-RjUL
041 ## - LANGUAGE CODE
Language code of text/sound track or separate title eng
082 ## - DEWEY DECIMAL CLASSIFICATION NUMBER
Edition number 23
Classification number 590
Author mark and year COG 1965
100 1# - MAIN ENTRY--PERSONAL NAME
Personal name Cockkrum, E. Lendell
9 (RLIN) 224765
245 10 - TITLE STATEMENT
Title Zoologiy /
Statement of responsibility, etc. E Lendell Cockrum; William J MacCauley
250 ## - EDITION STATEMENT
Edition statement Saunders' International Student Edition
260 ## - PUBLICATION, DISTRIBUTION, ETC. (IMPRINT)
Place of publication, distribution, etc. London :
Name of publisher, distributor, etc. Sounders co ,
Date of publication, distribution, etc. 1965
300 ## - PHYSICAL DESCRIPTION
Pagination XXIV, 713 p. :
Illustrations il. ;
Size 25 cm
504 ## - BIBLIOGRAPHY, ETC. NOTE
Bibliography, etc Includes bibliography and Index
650 ## - SUBJECT ADDED ENTRY--TOPICAL TERM
Topical term or geographic name as entry element Goology
9 (RLIN) 224766
700 ## - ADDED ENTRY--PERSONAL NAME
Personal name MacCauley, William J
942 ## - ADDED ENTRY ELEMENTS (KOHA)
Source of classification or shelving scheme Dewey Decimal Classification
Koha item type Books
Holdings
Lost status Source of classification or shelving scheme Damaged status Not for loan Collection code Permanent Location Current Location Shelving location Date acquired Source of acquisition Cost, normal purchase price Total Checkouts Full call number Date last seen Copy number Koha item type
  Dewey Decimal Classification   Not For Loan Non-fiction Central Library, University of Rajshahi Central Library, University of Rajshahi Reading Room 09/12/2021 Eureka-Pak 81.00   590 COG 1965 08/11/2018 C-1 Books
  Dewey Decimal Classification     Non-fiction Central Library, University of Rajshahi Central Library, University of Rajshahi   09/04/1974 Euro Bangladesh News Agency 81.00   590 COG 1965 22/01/2019 C-2 Books